| 000 | 00858nam a2200217 a 4500 | ||
|---|---|---|---|
| 001 | BRL_196 | ||
| 005 | 20190320210629.0 | ||
| 008 | 760402s1956 mx-abce###---#000-0#spa-# | ||
| 041 | _aspa | ||
| 044 | _amx | ||
| 050 | 4 |
_aF1321 _b.P47 1956 |
|
| 100 | 1 |
_aPérez García, Rosendo _923196 |
|
| 245 | 1 | 0 |
_aLa Sierra Juárez _bapuntes sobre arqueología, orografía, hidrografía, historia, estadística, economía, sociología, lingüística, biología, etc., de los pueblos del Distrito de Ixtlán de Juárez _crecopilados por el profesor Rosendo Pérez García. |
| 260 |
_aMéxico _bRosendo Pérez García _c1956 |
||
| 300 |
_a2 v. _bil. (algunas a color) _c24 cm. |
||
| 500 | _aAu249 (v.1). Au248 (v.2) | ||
| 504 | _aIncluye referencias bibliográficas e índice | ||
| 651 | 4 |
_aIxtlán de Juárez, Oaxaca (México) _923197 |
|
| 902 | _aGRL | ||
| 942 |
_2lcc _cB |
||
| 999 |
_c9009 _d9009 |
||